<?xml version="1.0" encoding="UTF-8"?>
<record
    xmlns:xsi="http://www.w3.org/2001/XMLSchema-instance"
    xsi:schemaLocation="http://www.loc.gov/MARC21/slim http://www.loc.gov/standards/marcxml/schema/MARC21slim.xsd"
    xmlns="http://www.loc.gov/MARC21/slim">

  <leader>02804cam a2200265 a 4500</leader>
  <controlfield tag="003">3228</controlfield>
  <controlfield tag="005">20230830154835.0</controlfield>
  <controlfield tag="008">101118s2023    sa a     b    001 0 eng  </controlfield>
  <datafield tag="020" ind1=" " ind2=" ">
    <subfield code="a">9780796922175</subfield>
  </datafield>
  <datafield tag="040" ind1=" " ind2=" ">
    <subfield code="c">rda</subfield>
  </datafield>
  <datafield tag="082" ind1=" " ind2=" ">
    <subfield code="a">303.380968 SOUT</subfield>
  </datafield>
  <datafield tag="245" ind1="0" ind2="0">
    <subfield code="a">South African social attitudes, 2nd report :</subfield>
    <subfield code="b">reflections on the age of hope /</subfield>
    <subfield code="c">edited by Benjamin Roberts, Mbithi wa Kivilu &amp; Yul Derek Davids.</subfield>
  </datafield>
  <datafield tag="246" ind1="1" ind2="3">
    <subfield code="a">SASAS</subfield>
  </datafield>
  <datafield tag="260" ind1=" " ind2=" ">
    <subfield code="a">Cape Town :</subfield>
    <subfield code="b">HSRC Press ;</subfield>
    <subfield code="a">Chicago :</subfield>
    <subfield code="b">Distributed in North America by Independent Publishers Group,</subfield>
    <subfield code="c">2010.</subfield>
  </datafield>
  <datafield tag="300" ind1=" " ind2=" ">
    <subfield code="a">xv, 367 pages:</subfield>
    <subfield code="b">illustration;</subfield>
    <subfield code="c">24 cm.</subfield>
  </datafield>
  <datafield tag="504" ind1=" " ind2=" ">
    <subfield code="a">Includes bibliographical references.</subfield>
  </datafield>
  <datafield tag="520" ind1=" " ind2=" ">
    <subfield code="a">"Since the transition to democracy in 1994, South Africa has become a well documented nation. A multitude of national and sub-national studies have been conducted, yielding a wealth of information about the characteristics of South African society, and how these have evolved over time. However, less is known about how South Africans feel about their world and themselves. There remains much scope for deepening our understanding of the public's values, chronicling how these have been changing, and determining the extent to which different segments of the population vary in their attitudes and beliefs. South African Social Attitudes: Reflections on the Age of Hope is the second in the HSRC series that aims to monitor the evolving dynamics of South African social values in relation to broader societal developments. It is based primarily on the findings of the 2004 and 2005 rounds of the South African Social Attitudes Survey (SASAS), which involved interviewing a nationally representative sample of more than 5000 individuals aged 16 years and older. Like its predecessor, South African Social Attitudes: Changing Times, Diverse Voices, this volume is structured according to three thematic sections. The first section on race, class and politics examines the public's views on issues such as national priorities, racial redress, local government, and includes an in-depth examination of youth attitudes. The second section addresses perceptions about poverty, inequality and service delivery. The final section on societal values focuses on attitudes in relation to religion, the environment, employment, and the fear of crime. South African Social Attitudes is essential reading for anyone seeking a guide to contemporary social or political issues and debates"--HSRC website.</subfield>
  </datafield>
  <datafield tag="530" ind1=" " ind2=" ">
    <subfield code="a">Also available online in pdf format.</subfield>
  </datafield>
  <datafield tag="650" ind1=" " ind2="0">
    <subfield code="a">Public opinion</subfield>
    <subfield code="z">South Africa.</subfield>
    <subfield code="9">181319</subfield>
  </datafield>
  <datafield tag="651" ind1=" " ind2="0">
    <subfield code="a">South Africa</subfield>
    <subfield code="x">Social conditions</subfield>
    <subfield code="y">1994-</subfield>
    <subfield code="x">Public opinion.</subfield>
    <subfield code="9">181320</subfield>
  </datafield>
  <datafield tag="700" ind1="1" ind2=" ">
    <subfield code="a">Roberts, Benjamin,</subfield>
    <subfield code="d">1974-</subfield>
    <subfield code="9">181321</subfield>
  </datafield>
  <datafield tag="700" ind1="1" ind2=" ">
    <subfield code="a">Mbithi wa Kivilu.</subfield>
    <subfield code="9">181322</subfield>
  </datafield>
  <datafield tag="700" ind1="1" ind2=" ">
    <subfield code="a">Davids, Yul Derek.</subfield>
    <subfield code="9">153028</subfield>
  </datafield>
  <datafield tag="942" ind1=" " ind2=" ">
    <subfield code="2">ddc</subfield>
    <subfield code="c">BOOK</subfield>
    <subfield code="w">169</subfield>
    <subfield code="x">Boniswa Ngcongolo</subfield>
    <subfield code="y">169</subfield>
    <subfield code="z">Boniswa Ngcongolo</subfield>
  </datafield>
  <datafield tag="999" ind1=" " ind2=" ">
    <subfield code="c">756742</subfield>
    <subfield code="d">756741</subfield>
  </datafield>
  <datafield tag="952" ind1=" " ind2=" ">
    <subfield code="0">0</subfield>
    <subfield code="1">0</subfield>
    <subfield code="2">ddc</subfield>
    <subfield code="4">0</subfield>
    <subfield code="7">0</subfield>
    <subfield code="8">300</subfield>
    <subfield code="a">ERMEL</subfield>
    <subfield code="b">KHULL</subfield>
    <subfield code="c">GEN</subfield>
    <subfield code="d">2023-08-30</subfield>
    <subfield code="l">0</subfield>
    <subfield code="o">303.380968 SOUT</subfield>
    <subfield code="p">3322810052483</subfield>
    <subfield code="r">2023-08-30</subfield>
    <subfield code="w">2023-08-30</subfield>
    <subfield code="y">BOOK</subfield>
  </datafield>
  <datafield tag="952" ind1=" " ind2=" ">
    <subfield code="0">0</subfield>
    <subfield code="1">0</subfield>
    <subfield code="2">ddc</subfield>
    <subfield code="4">0</subfield>
    <subfield code="7">0</subfield>
    <subfield code="8">300</subfield>
    <subfield code="a">ERMEL</subfield>
    <subfield code="b">KHULL</subfield>
    <subfield code="c">GEN</subfield>
    <subfield code="d">2023-08-30</subfield>
    <subfield code="l">0</subfield>
    <subfield code="o">303.380968 SOUT</subfield>
    <subfield code="p">3322810052478</subfield>
    <subfield code="r">2023-08-31</subfield>
    <subfield code="w">2023-08-30</subfield>
    <subfield code="y">BOOK</subfield>
  </datafield>
  <datafield tag="952" ind1=" " ind2=" ">
    <subfield code="0">0</subfield>
    <subfield code="1">0</subfield>
    <subfield code="2">ddc</subfield>
    <subfield code="4">0</subfield>
    <subfield code="7">0</subfield>
    <subfield code="8">300</subfield>
    <subfield code="a">ERMEL</subfield>
    <subfield code="b">KHULL</subfield>
    <subfield code="c">GEN</subfield>
    <subfield code="d">2023-08-30</subfield>
    <subfield code="l">0</subfield>
    <subfield code="o">303.380968 SOUT</subfield>
    <subfield code="p">3322810052479</subfield>
    <subfield code="r">2023-09-11</subfield>
    <subfield code="w">2023-08-30</subfield>
    <subfield code="y">BOOK</subfield>
  </datafield>
</record>
